000 00449nam a2200181Ia 4500
001 20153
005 20260306172745.0
008 260306t2004||||xx |||||||||||||| ||spa||
041 _aESP
082 _a342.8
_bD61 T.1
100 _aDelgado Barreto, César
_eAUT
245 0 _aIntroducción al derecho internacional privado
260 _c2004
300 _a577páginas :
_c24cm.
650 _aGEN
654 _aCDE
942 _cLIB
_dJUS
_fJUS
_2ddc
_n
999 _c20153
_d20153